Chaîne de lettres Pokémon 3g - Statistiques

Statistiques générales
  • Ce quiz a été pris 42 fois
  • Le résultat moyen est 12 sur 15
Statistiques - réponses
Hint Réponse % Correct
Évolution du starter Eau Flobio
97%
Phoque qui roule Obalie
94%
Nénuphar Nénupiot
91%
Évolution de Makuhita Hariyama
85%
Entretient une rivalité avec Séviper Mangriff
85%
C'est un poisson des temps ancien Relicanth
85%
Pokémon de Lévy et Tatia représentant la lune Séléroc
85%
Pokémon de Timmy Tarsal
82%
Pokémon qui devrait être Dragon-Insecte Libégon
79%
Son nez se tourne vers le nord Tarinor
79%
Pokémon de Voltère Élecsprint
73%
Tortue utilisé comme poêle Chartor
64%
Le Protecteur rouge de la Rosée Âme Latias
61%
Il annonce des désastres Absol
58%
On trouve sa Pré-évolution dans le tunnel Mérazon Ramboum
52%
Aucun quiz correspondant
Distribution des résultats
% des personnes avec chaque résultat
Percentile par nombre de réponses
Votre historique - résultats
Vous n’avez pas pris ce quiz